Dnešný pohľad na zajtrajšiu budúcnosť - realizácia a vyhodnotenie podnikového vzdelávania
Realizácia podnikového vzdelávania. Metódy vzdelávania. Vyhodnocovanie podnikového vzdelávania. Faktory ovplyvňujúce voľbu vzdelávacích metód.
Salvato in:
| Autore principale: | |
|---|---|
| Altri autori: | |
| Natura: | Capitolo di libro |
| Lingua: | slovacco |
| Soggetti: | |
| Tags: |
Nessun Tag, puoi essere il primo ad aggiungerne!!
|
MARC
| LEADER | 00000naa a2200000 4500 | ||
|---|---|---|---|
| 001 | r048943 | ||
| 005 | 20231002121848.6 | ||
| 041 | 0 | |a slo | |
| 044 | |a SK | ||
| 245 | 1 | 0 | |a Dnešný pohľad na zajtrajšiu budúcnosť - realizácia a vyhodnotenie podnikového vzdelávania |c Alžbeta Kucharčíková, Jozef Vodák |
| 520 | |a Realizácia podnikového vzdelávania. Metódy vzdelávania. Vyhodnocovanie podnikového vzdelávania. Faktory ovplyvňujúce voľbu vzdelávacích metód. | ||
| 610 | 2 | 0 | |a vzdelávanie |
| 610 | 2 | 0 | |a podnik |
| 610 | 2 | 0 | |a vzdelávanie ďalšie |
| 610 | 2 | 0 | |a rozvoj pracovníkov |
| 610 | 2 | 0 | |a prednášky |
| 610 | 2 | 0 | |a semináre |
| 610 | 2 | 0 | |a metódy |
| 610 | 2 | 0 | |a motivácia pracovná |
| 100 | 1 | |a Kucharčíková, Alžbeta | |
| 700 | 1 | |a Vodák, Jozef | |